Exploring Social Exclusion in the European Union, a Quantitative Approach

Guardado en:
Detalles Bibliográficos
Autor principal: Gavuliak, Roman
Formato: Capítulo de libro
Lenguaje:inglés
Materias:
Etiquetas: Agregar Etiqueta
Sin Etiquetas, Sea el primero en etiquetar este registro!

MARC

LEADER 00000naa a2200000 4500
001 0169848
005 20240613135737.3
041 0 |a eng 
044 |a PL 
245 1 0 |a Exploring Social Exclusion in the European Union, a Quantitative Approach  |c Roman Gavuliak 
610 2 0 |a vylúčenie sociálne 
610 2 0 |a chudoba 
610 2 0 |a Európa 
610 2 0 |a ukazovatele štatistické 
610 2 0 |a analýza faktorová 
100 1 |a Gavuliak, Roman